000 00838nam a2200265 i 4500
003 DO-SdBNP
005 20251120073734.0
007 ta
008 240521s1996 dr 000 0 spa d
020 _a8489548161
040 _aDO-SdBNP
_bspa
_cBNPHU
_erda
082 _222
_a352.0072
_bC392c
100 _aCela, Jorge
_97887
245 1 0 _aConstruyendo entre todos la democracia municipal /
_cJorge Cela
264 1 _aSanto Domingo :
_bPUCMM,
_bGrupo de Acción por la Democracia,
_c1996.
300 _a28 páginas
_c21 cm.
336 _2rdacontent
_atexto
_btxt
337 _2rdamedia
_asin mediación
_bn
338 _2rdacarrier
_avolumen
_bnc
490 1 _aEducación Ciudadana
_v4
590 _aInventariado, 2024/ YL
710 2 _aPontificia Universidad Católica Madre y Maestra
_9843
910 _aYLockward
942 _2ddc
_cLF2
999 _c56707
_d56707